ARRUPE JESUIT UNIVERSITY

CORONAVIRUS -STOP THE SPREAD - CLEAN,DISINFECT,COVER

The Age of Discovery, 1400-1600 / (Record no. 124679)

MARC details
000 -LEADER
fixed length control field 01181mam a2200337 a 4500
001 - CONTROL NUMBER
control field 3310316
003 - CONTROL NUMBER IDENTIFIER
control field ARRUPE
005 - DATE AND TIME OF LATEST TRANSACTION
control field 20160422113950.0
008 - FIXED-LENGTH DATA ELEMENTS--GENERAL INFORMATION
fixed length control field 020730s2002 nyua b 001 0 eng
010 ## - LIBRARY OF CONGRESS CONTROL NUMBER
LC control number 2002068316
020 ## - INTERNATIONAL STANDARD BOOK NUMBER
International Standard Book Number 041527995X
020 ## - INTERNATIONAL STANDARD BOOK NUMBER
International Standard Book Number 0415279968 (pbk.)
035 ## - SYSTEM CONTROL NUMBER
System control number (OCoLC)ocm50447940
035 ## - SYSTEM CONTROL NUMBER
System control number (NNC)3310316
040 ## - CATALOGING SOURCE
Original cataloging agency DLC
Transcribing agency DLC
Modifying agency NNC
-- OrLoB-B
050 00 - LIBRARY OF CONGRESS CALL NUMBER
Classification number G95
Item number .A73 2002
082 00 - DEWEY DECIMAL CLASSIFICATION NUMBER
Classification number 910/.9/024
Edition number 21
300 ## - PHYSICAL DESCRIPTION
Other physical details ill. ;
Dimensions 22 cm.
100 1# - MAIN ENTRY--PERSONAL NAME
Personal name Arnold, David,
Dates associated with a name 1946-
9 (RLIN) 24029
245 14 - TITLE STATEMENT
Title The Age of Discovery, 1400-1600 /
Statement of responsibility, etc David Arnold.
250 ## - EDITION STATEMENT
Edition statement 2nd ed.
260 ## - PUBLICATION, DISTRIBUTION, ETC. (IMPRINT)
Place of publication, distribution, etc New York :
Name of publisher, distributor, etc Routledge,
Date of publication, distribution, etc 2002.
263 ## - PROJECTED PUBLICATION DATE
Projected publication date 0208
300 ## - PHYSICAL DESCRIPTION
Extent xiv, 69 p. :
490 1# - SERIES STATEMENT
Series statement Lancaster pamphlets
504 ## - BIBLIOGRAPHY, ETC. NOTE
Bibliography, etc Includes bibliographical references and index.
505 00 - FORMATTED CONTENTS NOTE
Title The Meaning of 'Discovery' --
-- Europe and the Wider World --
-- In Search of Gold and Spices --
-- Italy --
-- Portugal and Spain --
-- Maritime Technology and Navigation --
-- Africa --
-- Asia --
-- The Americas --
-- Disease and Environmental Change.
650 #0 - SUBJECT ADDED ENTRY--TOPICAL TERM
Topical term or geographic name as entry element Discoveries in geography.
9 (RLIN) 24030
830 #0 - SERIES ADDED ENTRY--UNIFORM TITLE
Uniform title Lancaster pamphlets.
9 (RLIN) 6010
900 ## - EQUIVALENCE OR CROSS-REFERENCE-PERSONAL NAME [LOCAL, CANADA]
Numeration TOC
942 ## - ADDED ENTRY ELEMENTS (KOHA)
Source of classification or shelving scheme Library of Congress Classification
Koha item type Monograph ( Printed materials)
Holdings
Withdrawn status Lost status Source of classification or shelving scheme Damaged status Not for loan Collection code Home library Current library Shelving location Date acquired Total Checkouts Full call number Barcode Date last seen Date checked out Price effective from Koha item type
    Library of Congress Classification     Main Collection ARRUPE LIBRARY ARRUPE LIBRARY Main Collection 22/04/2016 1 G95 .A73 2002 46500006489 09/04/2018 21/11/2016 22/04/2016 Monograph ( Printed materials)

 

Arrupe Library. PO Box MP320 Mt Pleasant, Harare, Zimbabwe
263 242 745411|librarian@aju.ac.zw